书目信息 |
| 题名: |
555时基电路原理、设计与应用
|
|
| 作者: | 陈有卿 , 叶桂娟 编著 | |
| 分册: | ||
| 出版信息: | 北京 电子工业出版社 2007.09 |
|
| 页数: | 344页 | |
| 开本: | 24cm | |
| 丛书名: | 电路应用系列 | |
| 单 册: | ||
| 中图分类: | TN45 | |
| 科图分类: | ||
| 主题词: | 混合集成电路--hun he ji cheng dian lu | |
| 电子资源: | ||
| ISBN: | 978-7-121-04966-8 | |
| 000 | 01182nam 2200277 450 | |
| 001 | 012008100589 | |
| 005 | 20080901174904.21 | |
| 010 | @a978-7-121-04966-8@dCNY38.00 | |
| 100 | @a20080901d2007 em y0chiy0120 ea | |
| 101 | 0 | @achi |
| 102 | @aCN@b110000 | |
| 105 | @ay a 000yy | |
| 106 | @ar | |
| 200 | 1 | @a555时基电路原理、设计与应用@A555 shi ji dian lu yuan li、she ji yu ying yong@f陈有卿, 叶桂娟编著@Fchen you qing,ye gui juan bian zhu |
| 210 | @a北京@c电子工业出版社@d2007.09 | |
| 215 | @a344页@d24cm | |
| 225 | 2 | @a电路应用系列@Adian lu ying yong xi lie |
| 320 | @a有书目 (第341-344页) | |
| 330 | @a本书是555时基电路原理设计与应用的技术专著,全书共分11章,第1章介绍555时基电路的工作原理、基本工作模式与计算机辅助设计,第2~4章分别介绍555时基电路在延迟电路与定时器、门铃电路、报警器、照明电路、仪器仪表电路、自控开关、家用电器、充电器与电源电路、玩具与休闲电路及其他电子电器中的应用并给出了213个实例。 | |
| 410 | 0 | @12001 @a电路应用系列 |
| 606 | 0 | @a混合集成电路@Ahun he ji cheng dian lu |
| 690 | @aTN45@v4 | |
| 701 | 0 | @a陈有卿@Achen you qing@4编著 |
| 701 | 0 | @a叶桂娟@Aye gui juan@4编著 |
| 801 | 0 | @aCN@bQSSK@c20080901 |
| 905 | @b733446-48@dTN45@eC625@f3 | |
| 555时基电路原理、设计与应用/陈有卿, 叶桂娟编著.-北京:电子工业出版社,2007.09 |
| 344页;24cm.-(电路应用系列) |
| ISBN 978-7-121-04966-8:CNY38.00 |
| 本书是555时基电路原理设计与应用的技术专著,全书共分11章,第1章介绍555时基电路的工作原理、基本工作模式与计算机辅助设计,第2~4章分别介绍555时基电路在延迟电路与定时器、门铃电路、报警器、照明电路、仪器仪表电路、自控开关、家用电器、充电器与电源电路、玩具与休闲电路及其他电子电器中的应用并给出了213个实例。 |
| ● |
| 相关链接 |
|
|
|
正题名:555时基电路原理、设计与应用
索取号:TN45/C625
 
预约/预借
| 序号 | 登录号 | 条形码 | 馆藏地/架位号 | 状态 | 备注 |
| 1 | 733446 | 207334464 | 自科库301/301自科库 28排2列1层/ [索取号:TN45/C625] | 在馆 | |
| 2 | 733447 | 207334473 | 自科库301/301自科库 28排2列1层/ [索取号:TN45/C625] | 在馆 | |
| 3 | 733448 | 207334482 | 自科库301/301自科库 21排1列2层/ [索取号:TN45/C625] | 在馆 |